Aspects of labour welfare and social security / (Record no. 66275)

MARC details
000 -LEADER
fixed length control field 00540nam a22001697a 4500
005 - DATE AND TIME OF LATEST TRANSACTION
control field 20120507120953.0
020 ## - INTERNATIONAL STANDARD BOOK NUMBER
Terms of availability 150.00
035 ## - SYSTEM CONTROL NUMBER
System control number B-83875
037 ## - SOURCE OF ACQUISITION
Stock number DPL
Source of stock number/acquisition ENG
100 ## - MAIN ENTRY--PERSONAL NAME
Personal name Sarma, A.M.
245 ## - TITLE STATEMENT
Title Aspects of labour welfare and social security /
Statement of responsibility, etc by A.M. Sarma
250 ## - EDITION STATEMENT
Edition statement rev. and enl. ed.
260 ## - PUBLICATION, DISTRIBUTION, ETC. (IMPRINT)
Place of publication, distribution, etc Mumbai
Name of publisher, distributor, etc Himalaya Publishing House
Date of publication, distribution, etc 2003
300 ## - PHYSICAL DESCRIPTION
Extent 284p.
Dimensions 24 cms.
942 ## - ADDED ENTRY ELEMENTS (KOHA)
Source of classification or shelving scheme Dewey Decimal Classification
Item type English Books
Classification part 331
Call number suffix SAR
Holdings
Withdrawn status Lost status Not for loan Collection code Home library Current library Date acquired Cost, normal purchase price Full call number Barcode Cost, replacement price Koha item type Public note
      Non-fiction Sarojini Nagar Sarojini Nagar 07/05/2012 150.00 331 SAR B-83875 150.00 English Books Withdrawn List Prepared List No.5/16

© Delhi Public Library
Hit Counter
free hit counter